Focus (Record no. 78651)

MARC details
000 -LEADER
fixed length control field 00952cab a22002295a 4500
001 - CONTROL NUMBER
control field L137531
008 - FIXED-LENGTH DATA ELEMENTS--GENERAL INFORMATION
fixed length control field 070413e20070324xxkabd f 000 0 eng d
035 ## - SYSTEM CONTROL NUMBER
System control number (Sirsi) u137531
041 0# - LANGUAGE CODE
Language code of text/sound track or separate title eng
100 1# - MAIN ENTRY--PERSONAL NAME
Personal name Cunningham, Daniel
245 00 - TITLE STATEMENT
Title Focus
Remainder of title Greater Manchester
260 ## - PUBLICATION, DISTRIBUTION, ETC.
Date of publication, distribution, etc. 2007
490 ## - SERIES STATEMENT
Series statement Estates Gazette
Volume/sequential designation (0712) 24 March 2007, 123-145(13)
520 ## - SUMMARY, ETC.
Summary, etc. Topics covered include; an assessment of the property market performance of Manchester?s neighbouring towns; the local development agency?s masterplan for the regeneration of Rochdale town centre; proposals for the introduction of a congestion charge in Manchester, possibly as soon as 2012; and plans to regenerate Bury?s The Rock shopping street as a retailed mixed use development.
590 ## - LOCAL NOTE (RLIN)
Local note KA
651 #4 - SUBJECT ADDED ENTRY--GEOGRAPHIC NAME
Geographic name GREATER MANCHESTER
690 ## - LOCAL SUBJECT ADDED ENTRY--TOPICAL TERM (OCLC, RLIN)
Topical term or geographic name as entry element PROPERTY-PROPERTY MARKET
700 1# - ADDED ENTRY--PERSONAL NAME
Personal name Quinn, David
700 1# - ADDED ENTRY--PERSONAL NAME
Personal name Pilkington, Lisa
700 1# - ADDED ENTRY--PERSONAL NAME
Personal name August, Alysia
942 ## - ADDED ENTRY ELEMENTS (KOHA)
Suppress in OPAC 0
Holdings
Withdrawn status Lost status Source of classification or shelving scheme Damaged status Not for loan Home library Current library Shelving location Date acquired Total Checkouts Full call number Barcode Date last seen Copy number Price effective from Koha item type
    Dewey Decimal Classification     London London Journal article 13/04/2007   L137531 137531-1001 06/08/2019 1 06/08/2019 Journal article